[Event "Int. StuttgarterStadtmeisterschaft C"]
[Site "Ditzingen"]
[Date "2019.06.02"]
[Round "7.20"]
[White "Klebba, Adrian"]
[Black "Reichardt, Felix Alexander"]
[Result "0-1"]
[WhiteElo "1457"]
[BlackElo "1162"]
[PlyCount "20"]
[EventDate "2019.??.??"]
[WhiteTeam "SV Altbach"]
[BlackTeam "SF MarkgrÃ¤flerland e."]

1. d4 e6 2. c4 d5 3. Nc3 c5 4. cxd5 exd5 5. dxc5 d4 6. Nb5 Qa5+ 7. Qd2 Qxb5 8.
Qxd4 Qxc5 9. Qe4+ Be6 10. Qxb7 Bd5 0-1